[Event "DEM U12 2021"]
[Site "Willingen GER"]
[Date "2021.08.24"]
[Round "3"]
[White "Middendorf, Sven-Jonas"]
[Black "Klaska, Philipp Leon"]
[Result "0-1"]
[Termination "normal"]
[Board "12"]
[WhiteElo "1407"]
[BlackElo "1742"]
[WhiteClock "00:01:02"]
[BlackClock "00:01:09"]
[PlyCount "94"]
[WhiteFideId "16287207"]
[BlackFideId "16238044"]
[EventCountry "GER"]
[EventRounds "9"]
[EventType "swiss"]
[EventDate "2021.08.22"]

1. e4 {[%clk 01:30:57]} {[%emt 00:00:02]} c5 {[%clk 01:30:47]} {[%emt
00:00:15]} 2. Nf3 {[%clk 01:31:20]} {[%emt 00:00:06]} e6 {[%clk 01:31:08]}
{[%emt 00:00:09]} 3. d4 {[%clk 01:31:44]} {[%emt 00:00:05]} cxd4 {[%clk
01:31:34]} {[%emt 00:00:05]} 4. Nxd4 {[%clk 01:32:09]} {[%emt 00:00:04]} a6
{[%clk 01:32:00]} {[%emt 00:00:05]} 5. c4 {[%clk 01:32:29]} {[%emt 00:00:10]}
Qc7 {[%clk 01:32:12]} {[%emt 00:00:17]} 6. Nc3 {[%clk 01:32:29]} {[%emt
00:00:31]} Nf6 {[%clk 01:32:09]} {[%emt 00:00:33]} 7. Be2 {[%clk 01:32:33]}
{[%emt 00:00:25]} Nc6 {[%clk 01:30:35]} {[%emt 00:02:04]} 8. f4 {[%clk
01:31:49]} {[%emt 00:01:15]} Bb4 {[%clk 01:29:03]} {[%emt 00:02:01]} 9. Qd3
{[%clk 01:30:20]} {[%emt 00:02:00]} d6 {[%clk 01:27:48]} {[%emt 00:01:45]} 10.
Nc2 {[%clk 01:26:56]} {[%emt 00:03:54]} Bc5 {[%clk 01:25:35]} {[%emt 00:02:42]}
11. a3 {[%clk 01:23:41]} {[%emt 00:03:46]} O-O {[%clk 01:24:30]} {[%emt
00:01:34]} 12. b4 {[%clk 01:23:11]} {[%emt 00:01:01]} Ba7 {[%clk 01:23:18]}
{[%emt 00:01:41]} 13. Bb2 {[%clk 01:21:47]} {[%emt 00:01:54]} Ne7 {[%clk
01:15:37]} {[%emt 00:08:11]} 14. O-O-O {[%clk 01:18:53]} {[%emt 00:03:24]} d5
{[%clk 01:09:02]} {[%emt 00:07:05]} 15. e5 {[%clk 01:00:55]} {[%emt 00:18:28]}
dxc4 {[%clk 01:07:57]} {[%emt 00:01:36]} 16. Qd6 {[%clk 00:58:01]} {[%emt
00:03:24]} Qxd6 {[%clk 01:02:51]} {[%emt 00:05:36]} 17. exd6 {[%clk 00:55:16]}
{[%emt 00:03:14]} Ng6 {[%clk 00:56:47]} {[%emt 00:06:33]} 18. g3 {[%clk
00:48:03]} {[%emt 00:07:44]} b5 {[%clk 00:51:14]} {[%emt 00:06:04]} 19. a4
{[%clk 00:41:32]} {[%emt 00:07:01]} Bb7 {[%clk 00:43:55]} {[%emt 00:07:46]} 20.
Rhe1 {[%clk 00:41:12]} {[%emt 00:00:53]} Nd5 {[%clk 00:38:29]} {[%emt
00:05:54]} 21. axb5 {[%clk 00:34:09]} {[%emt 00:07:34]} Nxc3 {[%clk 00:37:18]}
{[%emt 00:01:41]} 22. Bxc3 {[%clk 00:34:30]} {[%emt 00:00:09]} axb5 {[%clk
00:36:34]} {[%emt 00:01:15]} 23. Bd4 {[%clk 00:32:42]} {[%emt 00:02:17]} Rfd8
{[%clk 00:26:21]} {[%emt 00:10:43]} 24. Bxa7 {[%clk 00:30:20]} {[%emt
00:02:52]} Rxa7 {[%clk 00:26:14]} {[%emt 00:00:38]} 25. Nd4 {[%clk 00:26:21]}
{[%emt 00:04:28]} Ra4 {[%clk 00:19:13]} {[%emt 00:07:27]} 26. f5 {[%clk
00:20:21]} {[%emt 00:06:35]} exf5 {[%emt 00:03:00]} 27. Nxf5 {[%clk 00:19:23]}
{[%emt 00:01:27]} Rxb4 {[%clk 00:15:54]} {[%emt 00:01:20]} 28. Ne7+ {[%clk
00:18:13]} {[%emt 00:01:40]} Kf8 {[%clk 00:14:58]} {[%emt 00:01:25]} 29. Nxg6+
{[%clk 00:17:03]} {[%emt 00:01:40]} hxg6 {[%clk 00:15:07]} {[%emt 00:00:21]}
30. Rd4 {[%clk 00:14:10]} {[%emt 00:03:24]} Ra4 {[%clk 00:13:31]} {[%emt
00:02:05]} 31. Rh4 {[%clk 00:13:17]} {[%emt 00:01:23]} Kg8 {[%clk 00:13:06]}
{[%emt 00:00:55]} 32. Bd1 {[%clk 00:11:50]} {[%emt 00:01:57]} Ra6 {[%clk
00:12:32]} {[%emt 00:01:00]} 33. d7 {[%clk 00:09:08]} {[%emt 00:03:17]} Re6
{[%clk 00:10:24]} {[%emt 00:02:36]} 34. Rxe6 {[%clk 00:08:31]} {[%emt
00:01:07]} fxe6 {[%clk 00:10:47]} {[%emt 00:00:08]} 35. Rd4 {[%clk 00:07:42]}
{[%emt 00:01:19]} Bd5 {[%clk 00:09:41]} {[%emt 00:01:36]} 36. Bg4 {[%clk
00:05:38]} {[%emt 00:02:34]} Kf7 {[%clk 00:08:06]} {[%emt 00:02:05]} 37. h4
{[%clk 00:04:03]} {[%emt 00:02:05]} Rxd7 {[%clk 00:07:22]} {[%emt 00:01:15]}
38. h5 {[%clk 00:03:29]} {[%emt 00:01:03]} gxh5 {[%clk 00:06:47]} {[%emt
00:01:05]} 39. Bxh5+ {[%clk 00:03:51]} {[%emt 00:00:09]} Ke7 {[%clk 00:06:22]}
{[%emt 00:00:53]} 40. Rf4 {[%clk 00:04:00]} {[%emt 00:00:23]} Kd6 {[%clk
00:05:41]} {[%emt 00:01:10]} 41. Be8 {[%clk 00:03:29]} {[%emt 00:01:01]} Rb7
{[%clk 00:04:58]} {[%emt 00:01:11]} 42. Rd4 {[%clk 00:03:23]} {[%emt 00:00:38]}
Kc5 {[%clk 00:03:37]} {[%emt 00:01:49]} 43. Rg4 {[%clk 00:03:01]} {[%emt
00:00:54]} b4 {[%clk 00:03:00]} {[%emt 00:01:06]} 44. Ba4 {[%clk 00:01:58]}
{[%emt 00:01:33]} b3 {[%clk 00:02:19]} {[%emt 00:01:12]} 45. Be8 {[%clk
00:01:33]} {[%emt 00:00:55]} Kb4 {[%clk 00:01:32]} {[%emt 00:01:16]} 46. Kb2
{[%clk 00:01:33]} {[%emt 00:00:31]} Ra7 {[%clk 00:01:06]} {[%emt 00:00:53]} 47.
Kb1 {[%clk 00:01:02]} {[%emt 00:01:04]} Kc3 {[%clk 00:01:09]} {[%emt 00:00:27]}
0-1

[Event "DEM U12 2021"]
[Site "Willingen GER"]
[Date "2021.08.24"]
[Round "3"]
[White "Wolff, Calvin"]
[Black "Huber, Benedikt"]
[Result "0-1"]
[Termination "normal"]
[Board "13"]
[WhiteElo "1368"]
[BlackElo "1613"]
[WhiteClock "00:46:01"]
[BlackClock "00:14:33"]
[PlyCount "64"]
[WhiteFideId "16269969"]
[BlackFideId "16281225"]
[EventCountry "GER"]
[EventRounds "9"]
[EventType "swiss"]
[EventDate "2021.08.22"]

1. e4 {[%clk 01:30:57]} {[%emt 00:00:02]} e6 {[%clk 01:30:55]} {[%emt
00:00:06]} 2. d4 {[%clk 01:31:21]} {[%emt 00:00:06]} d5 {[%clk 01:31:22]}
{[%emt 00:00:03]} 3. exd5 {[%clk 01:31:43]} {[%emt 00:00:08]} exd5 {[%clk
01:31:47]} {[%emt 00:00:05]} 4. Nf3 {[%clk 01:32:06]} {[%emt 00:00:07]} Nf6
{[%clk 01:32:09]} {[%emt 00:00:08]} 5. Bd3 {[%clk 01:32:27]} {[%emt 00:00:10]}
Bd6 {[%clk 01:32:14]} {[%emt 00:00:25]} 6. h3 {[%clk 01:32:39]} {[%emt
00:00:17]} O-O {[%clk 01:31:45]} {[%emt 00:01:00]} 7. O-O {[%clk 01:33:05]}
{[%emt 00:00:04]} Re8 {[%clk 01:31:36]} {[%emt 00:00:39]} 8. Bg5 {[%clk
01:33:13]} {[%emt 00:00:22]} Be6 {[%clk 01:31:27]} {[%emt 00:00:39]} 9. Ne5
{[%clk 01:32:19]} {[%emt 00:01:24]} Nc6 {[%clk 01:29:03]} {[%emt 00:02:53]} 10.
Nxc6 {[%clk 01:29:11]} {[%emt 00:03:38]} bxc6 {[%clk 01:29:27]} {[%emt
00:00:06]} 11. f4 {[%clk 01:27:58]} {[%emt 00:01:43]} Rb8 {[%clk 01:22:46]}
{[%emt 00:07:11]} 12. Nd2 {[%clk 01:26:53]} {[%emt 00:01:34]} c5 {[%clk
01:21:33]} {[%emt 00:01:44]} 13. c3 {[%clk 01:26:28]} {[%emt 00:00:55]} cxd4
{[%clk 01:13:41]} {[%emt 00:08:23]} 14. cxd4 {[%clk 01:26:18]} {[%emt
00:00:39]} c5 {[%clk 01:14:08]} {[%emt 00:00:03]} 15. dxc5 {[%clk 01:24:11]}
{[%emt 00:02:37]} Bxc5+ {[%clk 01:14:28]} {[%emt 00:00:10]} 16. Kh1 {[%clk
01:24:34]} {[%emt 00:00:07]} Bd4 {[%clk 01:06:32]} {[%emt 00:08:26]} 17. Nf3
{[%clk 01:19:57]} {[%emt 00:05:07]} Bxb2 {[%clk 01:05:28]} {[%emt 00:01:34]}
18. Rb1 {[%clk 01:19:20]} {[%emt 00:01:07]} h6 {[%clk 01:00:04]} {[%emt
00:05:55]} 19. Bh4 {[%clk 01:19:27]} {[%emt 00:00:23]} d4 {[%clk 00:57:37]}
{[%emt 00:02:57]} 20. Qa4 {[%clk 01:16:00]} {[%emt 00:03:58]} Qd7 {[%clk
00:47:56]} {[%emt 00:10:10]} 21. Qc2 {[%clk 01:12:50]} {[%emt 00:03:39]} Bc3
{[%clk 00:45:55]} {[%emt 00:02:32]} 22. a4 {[%clk 01:06:26]} {[%emt 00:06:54]}
Qd6 {[%clk 00:39:33]} {[%emt 00:06:51]} 23. Ne5 {[%clk 01:05:46]} {[%emt
00:01:10]} Nd5 {[%clk 00:38:24]} {[%emt 00:01:40]} 24. Bf2 {[%clk 01:02:29]}
{[%emt 00:03:47]} Nxf4 {[%clk 00:32:58]} {[%emt 00:05:57]} 25. Bg3 {[%clk
01:02:13]} {[%emt 00:00:46]} Nxd3 {[%clk 00:28:03]} {[%emt 00:05:25]} 26. Qxd3
{[%clk 01:01:42]} {[%emt 00:01:01]} Rxb1 {[%clk 00:28:28]} {[%emt 00:00:05]}
27. Rxb1 {[%clk 01:01:35]} {[%emt 00:00:37]} Qd5 {[%clk 00:23:54]} {[%emt
00:05:04]} 28. Qa6 {[%clk 00:55:28]} {[%emt 00:06:36]} Qe4 {[%clk 00:20:44]}
{[%emt 00:03:40]} 29. Qb5 {[%clk 00:55:14]} {[%emt 00:00:44]} Rc8 {[%clk
00:20:22]} {[%emt 00:00:52]} 30. Rf1 {[%clk 00:50:43]} {[%emt 00:04:59]} Bd5
{[%clk 00:17:21]} {[%emt 00:03:33]} 31. Rf2 {[%clk 00:46:00]} {[%emt 00:05:13]}
Be1 {[%clk 00:14:32]} {[%emt 00:03:19]} 32. Re2 {[%clk 00:46:01]} {[%emt
00:00:29]} Bxg3 {[%clk 00:14:33]} {[%emt 00:00:29]} 0-1

[Event "DEM U12 2021"]
[Site "Willingen GER"]
[Date "2021.08.24"]
[Round "3"]
[White "Lehmann, Simon"]
[Black "Dordevic, Tom"]
[Result "0-1"]
[Termination "normal"]
[Board "14"]
[WhiteElo "1484"]
[BlackElo "1594"]
[WhiteClock "00:51:06"]
[BlackClock "00:43:11"]
[PlyCount "52"]
[WhiteFideId "16292537"]
[BlackFideId "16260503"]
[EventCountry "GER"]
[EventRounds "9"]
[EventType "swiss"]
[EventDate "2021.08.22"]

1. e4 {[%clk 01:30:53]} {[%emt 00:00:03]} c5 {[%clk 01:30:53]} {[%emt
00:00:11]} 2. Nf3 {[%clk 01:31:16]} {[%emt 00:00:07]} e6 {[%clk 01:31:18]}
{[%emt 00:00:05]} 3. d4 {[%clk 01:31:38]} {[%emt 00:00:08]} cxd4 {[%clk
01:31:44]} {[%emt 00:00:05]} 4. Nxd4 {[%clk 01:32:03]} {[%emt 00:00:04]} a6
{[%clk 01:32:08]} {[%emt 00:00:06]} 5. c4 {[%clk 01:32:28]} {[%emt 00:00:05]}
Nf6 {[%clk 01:32:33]} {[%emt 00:00:05]} 6. Nc3 {[%clk 01:32:44]} {[%emt
00:00:14]} Be7 {[%clk 01:32:46]} {[%emt 00:00:18]} 7. Be2 {[%clk 01:32:51]}
{[%emt 00:00:22]} d6 {[%clk 01:33:07]} {[%emt 00:00:09]} 8. O-O {[%clk
01:33:02]} {[%emt 00:00:19]} Qc7 {[%clk 01:33:13]} {[%emt 00:00:24]} 9. f4
{[%clk 01:32:30]} {[%emt 00:01:02]} b6 {[%clk 01:32:06]} {[%emt 00:01:38]} 10.
Qd3 {[%clk 01:32:35]} {[%emt 00:00:25]} Bb7 {[%clk 01:32:08]} {[%emt 00:00:28]}
11. b4 {[%clk 01:32:11]} {[%emt 00:00:53]} Nbd7 {[%clk 01:31:02]} {[%emt
00:01:37]} 12. a3 {[%clk 01:32:18]} {[%emt 00:00:23]} Rc8 {[%clk 01:29:54]}
{[%emt 00:01:38]} 13. Bb2 {[%clk 01:32:16]} {[%emt 00:00:31]} h5 {[%clk
01:23:24]} {[%emt 00:07:00]} 14. Rac1 {[%clk 01:31:12]} {[%emt 00:01:34]} Nf8
{[%clk 01:20:12]} {[%emt 00:03:42]} 15. g3 {[%clk 01:28:19]} {[%emt 00:03:24]}
h4 {[%clk 01:18:47]} {[%emt 00:01:55]} 16. g4 {[%clk 01:28:20]} {[%emt
00:00:28]} Qb8 {[%clk 01:06:09]} {[%emt 00:13:09]} 17. g5 {[%clk 01:27:37]}
{[%emt 00:01:12]} N6d7 {[%clk 01:05:43]} {[%emt 00:00:56]} 18. Rf2 {[%clk
01:19:38]} {[%emt 00:08:28]} Ng6 {[%clk 01:01:17]} {[%emt 00:04:57]} 19. Qe3
{[%clk 01:11:59]} {[%emt 00:08:09]} Ndf8 {[%clk 00:55:48]} {[%emt 00:05:59]}
20. Na4 {[%clk 01:11:20]} {[%emt 00:01:10]} Bd8 {[%clk 00:47:24]} {[%emt
00:08:54]} 21. Nb3 {[%clk 01:10:51]} {[%emt 00:00:59]} e5 {[%clk 00:45:44]}
{[%emt 00:02:10]} 22. fxe5 {[%clk 01:05:55]} {[%emt 00:05:26]} dxe5 {[%clk
00:45:34]} {[%emt 00:00:40]} 23. Qf3 {[%clk 00:53:26]} {[%emt 00:12:57]} Nf4
{[%clk 00:42:32]} {[%emt 00:03:34]} 24. Bxe5 {[%clk 00:50:23]} {[%emt
00:03:33]} Qxe5 {[%clk 00:42:39]} {[%emt 00:00:22]} 25. Qxf4 {[%clk 00:50:42]}
{[%emt 00:00:11]} Qxf4 {[%clk 00:42:56]} {[%emt 00:00:14]} 26. Rxf4 {[%clk
00:51:06]} {[%emt 00:00:06]} Bxg5 {[%clk 00:43:11]} {[%emt 00:00:16]} 0-1

[Event "DEM U12 2021"]
[Site "Willingen GER"]
[Date "2021.08.24"]
[Round "3"]
[White "Gärtner, Alessandro"]
[Black "Bangert, Jonas"]
[Result "1-0"]
[Termination "normal"]
[Board "15"]
[WhiteElo "1332"]
[BlackElo "1541"]
[WhiteClock "00:28:25"]
[BlackClock "00:01:43"]
[PlyCount "61"]
[WhiteFideId "16268024"]
[BlackFideId "16289650"]
[EventCountry "GER"]
[EventRounds "9"]
[EventType "swiss"]
[EventDate "2021.08.22"]

1. c4 {[%clk 01:30:58]} {[%emt 00:00:01]} c5 {[%clk 01:30:49]} {[%emt
00:00:12]} 2. Nc3 {[%clk 01:31:21]} {[%emt 00:00:07]} Nf6 {[%clk 01:30:22]}
{[%emt 00:00:56]} 3. g3 {[%clk 01:31:39]} {[%emt 00:00:12]} e6 {[%clk
01:29:48]} {[%emt 00:01:05]} 4. e3 {[%clk 01:30:10]} {[%emt 00:01:58]} Nc6
{[%clk 01:23:28]} {[%emt 00:06:51]} 5. d4 {[%clk 01:29:30]} {[%emt 00:01:09]}
d5 {[%clk 01:20:34]} {[%emt 00:03:24]} 6. cxd5 {[%clk 01:27:35]} {[%emt
00:02:26]} exd5 {[%clk 01:11:18]} {[%emt 00:09:46]} 7. h3 {[%clk 01:25:57]}
{[%emt 00:02:08]} h5 {[%clk 01:04:30]} {[%emt 00:07:18]} 8. Nf3 {[%clk
01:19:43]} {[%emt 00:06:44]} Bf5 {[%clk 00:59:49]} {[%emt 00:05:11]} 9. Bd2
{[%clk 01:16:05]} {[%emt 00:04:07]} a6 {[%clk 00:44:14]} {[%emt 00:16:05]} 10.
Rc1 {[%clk 01:09:49]} {[%emt 00:06:46]} cxd4 {[%clk 00:42:14]} {[%emt
00:02:30]} 11. exd4 {[%clk 01:05:08]} {[%emt 00:05:10]} Bd6 {[%clk 00:41:15]}
{[%emt 00:01:30]} 12. Bg2 {[%clk 01:02:50]} {[%emt 00:02:48]} O-O {[%clk
00:40:00]} {[%emt 00:01:45]} 13. O-O {[%clk 01:02:53]} {[%emt 00:00:26]} Re8
{[%clk 00:37:30]} {[%emt 00:03:01]} 14. Bg5 {[%clk 01:01:03]} {[%emt 00:02:20]}
Be7 {[%clk 00:35:48]} {[%emt 00:02:12]} 15. Ne5 {[%clk 00:53:39]} {[%emt
00:07:53]} Be6 {[%clk 00:28:24]} {[%emt 00:07:55]} 16. f4 {[%clk 00:49:51]}
{[%emt 00:04:18]} Qb6 {[%clk 00:18:20]} {[%emt 00:10:35]} 17. Nxc6 {[%clk
00:48:08]} {[%emt 00:02:13]} bxc6 {[%clk 00:18:19]} {[%emt 00:00:32]} 18. Na4
{[%clk 00:47:00]} {[%emt 00:01:36]} Qb4 {[%clk 00:17:16]} {[%emt 00:01:33]} 19.
a3 {[%emt 00:03:12]} Qb5 {[%clk 00:16:24]} {[%emt 00:01:21]} 20. Qc2 {[%clk
00:42:51]} {[%emt 00:01:59]} Rac8 {[%clk 00:11:17]} {[%emt 00:05:37]} 21. b4
{[%clk 00:37:35]} {[%emt 00:05:45]} a5 {[%clk 00:09:54]} {[%emt 00:01:53]} 22.
Nc5 {[%clk 00:36:38]} {[%emt 00:01:27]} Nd7 {[%clk 00:05:47]} {[%emt 00:04:36]}
23. Nxe6 {[%emt 00:01:39]} fxe6 {[%clk 00:06:00]} {[%emt 00:00:16]} 24. Qg6
{[%clk 00:35:37]} {[%emt 00:00:23]} Bf6 {[%clk 00:05:00]} {[%emt 00:01:30]} 25.
Bxf6 {[%clk 00:32:09]} {[%emt 00:03:58]} Nxf6 {[%clk 00:05:23]} {[%emt
00:00:08]} 26. g4 {[%clk 00:32:15]} {[%emt 00:00:24]} Qe2 {[%clk 00:03:42]}
{[%emt 00:02:11]} 27. Rfe1 {[%clk 00:30:07]} {[%emt 00:02:38]} Qd2 {[%clk
00:03:29]} {[%emt 00:00:44]} 28. g5 {[%clk 00:29:30]} {[%emt 00:01:06]} Qxd4+
{[%clk 00:03:03]} {[%emt 00:00:56]} 29. Kh1 {[%clk 00:29:12]} {[%emt 00:00:48]}
Qxf4 {[%clk 00:01:39]} {[%emt 00:01:55]} 30. Rf1 {[%clk 00:28:57]} {[%emt
00:00:43]} Qg3 {[%clk 00:01:43]} {[%emt 00:00:28]} 31. Rf3 {[%clk 00:28:25]}
{[%emt 00:01:01]} 1-0

[Event "DEM U12 2021"]
[Site "Willingen GER"]
[Date "2021.08.24"]
[Round "3"]
[White "Meng, Yuxuan"]
[Black "Engel, Bruno"]
[Result "0-1"]
[Termination "normal"]
[Board "16"]
[WhiteElo "1495"]
[BlackElo "1660"]
[WhiteClock "00:06:06"]
[BlackClock "00:29:47"]
[PlyCount "78"]
[WhiteFideId "16258231"]
[BlackFideId "34609008"]
[EventCountry "GER"]
[EventRounds "9"]
[EventType "swiss"]
[EventDate "2021.08.22"]

1. e4 {[%clk 01:30:57]} {[%emt 00:00:03]} c5 {[%clk 01:30:49]} {[%emt
00:00:10]} 2. Nf3 {[%clk 01:31:24]} {[%emt 00:00:04]} d6 {[%clk 01:31:05]}
{[%emt 00:00:14]} 3. d4 {[%clk 01:31:50]} {[%emt 00:00:05]} cxd4 {[%clk
01:31:24]} {[%emt 00:00:10]} 4. Nxd4 {[%clk 01:32:15]} {[%emt 00:00:05]} Nf6
{[%clk 01:31:39]} {[%emt 00:00:14]} 5. Nc3 {[%clk 01:32:41]} {[%emt 00:00:05]}
a6 {[%clk 01:31:53]} {[%emt 00:00:16]} 6. Be2 {[%clk 01:32:57]} {[%emt
00:00:13]} e5 {[%clk 01:31:23]} {[%emt 00:01:00]} 7. Nb3 {[%clk 01:33:20]}
{[%emt 00:00:09]} Be7 {[%clk 01:31:11]} {[%emt 00:00:41]} 8. a4 {[%clk
01:33:32]} {[%emt 00:00:19]} Be6 {[%clk 01:30:06]} {[%emt 00:01:35]} 9. O-O
{[%clk 01:32:07]} {[%emt 00:01:55]} Nbd7 {[%clk 01:27:11]} {[%emt 00:03:24]}
10. Kh1 {[%clk 01:29:41]} {[%emt 00:02:56]} Rc8 {[%clk 01:26:26]} {[%emt
00:01:15]} 11. f4 {[%clk 01:27:27]} {[%emt 00:02:44]} Qb6 {[%clk 01:21:01]}
{[%emt 00:05:54]} 12. a5 {[%clk 01:22:43]} {[%emt 00:05:16]} Qa7 {[%clk
01:17:05]} {[%emt 00:04:21]} 13. f5 {[%clk 01:15:12]} {[%emt 00:08:06]} Bc4
{[%clk 01:08:06]} {[%emt 00:09:28]} 14. Bxc4 {[%clk 01:06:37]} {[%emt
00:09:06]} Rxc4 {[%clk 01:08:25]} {[%emt 00:00:10]} 15. Qd3 {[%clk 01:02:06]}
{[%emt 00:05:02]} Rc6 {[%clk 01:04:07]} {[%emt 00:04:47]} 16. Be3 {[%clk
00:59:05]} {[%emt 00:03:32]} Qb8 {[%clk 01:02:06]} {[%emt 00:02:31]} 17. Qe2
{[%clk 00:56:20]} {[%emt 00:03:16]} h5 {[%clk 00:56:19]} {[%emt 00:06:16]} 18.
Nd2 {[%clk 00:44:26]} {[%emt 00:12:24]} Bd8 {[%clk 00:46:32]} {[%emt 00:10:18]}
19. Rfd1 {[%clk 00:38:16]} {[%emt 00:06:40]} Ng4 {[%clk 00:39:05]} {[%emt
00:07:57]} 20. Nc4 {[%clk 00:34:47]} {[%emt 00:04:00]} Rxc4 {[%clk 00:38:03]}
{[%emt 00:01:32]} 21. Nd5 {[%clk 00:20:57]} {[%emt 00:14:20]} Rxe4 {[%clk
00:35:10]} {[%emt 00:03:22]} 22. Qf3 {[%clk 00:16:58]} {[%emt 00:04:31]} Rc4
{[%clk 00:31:37]} {[%emt 00:04:03]} 23. c3 {[%clk 00:14:43]} {[%emt 00:02:46]}
Nxe3 {[%clk 00:31:01]} {[%emt 00:01:05]} 24. Qxe3 {[%clk 00:14:56]} {[%emt
00:00:18]} Nf6 {[%clk 00:30:36]} {[%emt 00:00:55]} 25. Nxf6+ {[%clk 00:12:57]}
{[%emt 00:02:30]} Bxf6 {[%clk 00:30:53]} {[%emt 00:00:13]} 26. Qd3 {[%clk
00:12:31]} {[%emt 00:00:56]} Rc6 {[%clk 00:30:49]} {[%emt 00:00:33]} 27. b4
{[%clk 00:12:24]} {[%emt 00:00:37]} Ke7 {[%clk 00:30:07]} {[%emt 00:01:12]} 28.
Rdb1 {[%clk 00:11:41]} {[%emt 00:01:13]} Rhc8 {[%clk 00:30:12]} {[%emt
00:00:24]} 29. Rb3 {[%clk 00:09:55]} {[%emt 00:02:16]} Qc7 {[%clk 00:30:04]}
{[%emt 00:00:37]} 30. Rc1 {[%clk 00:08:23]} {[%emt 00:02:03]} Rc4 {[%clk
00:29:29]} {[%emt 00:01:05]} 31. Qe3 {[%clk 00:06:05]} {[%emt 00:02:49]} Qc6
{[%clk 00:28:45]} {[%emt 00:01:14]} 32. h3 {[%clk 00:05:57]} {[%emt 00:00:38]}
d5 {[%clk 00:28:49]} {[%emt 00:00:26]} 33. Rd1 {[%clk 00:05:23]} {[%emt
00:01:03]} Rxc3 {[%clk 00:28:47]} {[%emt 00:00:32]} 34. Rxc3 {[%clk 00:05:47]}
{[%emt 00:00:06]} Qxc3 {[%clk 00:29:08]} {[%emt 00:00:09]} 35. Qxc3 {[%clk
00:06:12]} {[%emt 00:00:06]} Rxc3 {[%clk 00:29:29]} {[%emt 00:00:08]} 36. Rxd5
{[%clk 00:06:29]} {[%emt 00:00:14]} Rb3 {[%clk 00:29:37]} {[%emt 00:00:22]} 37.
Rc5 {[%clk 00:06:17]} {[%emt 00:00:42]} Kd6 {[%clk 00:29:12]} {[%emt 00:00:56]}
38. Rc4 {[%clk 00:06:15]} {[%emt 00:00:31]} Rd3 {[%clk 00:29:23]} {[%emt
00:00:18]} 39. Kg1 {[%clk 00:06:06]} {[%emt 00:00:39]} Rd4 {[%clk 00:29:47]}
{[%emt 00:00:07]} 0-1

[Event "DEM U12 2021"]
[Site "Willingen GER"]
[Date "2021.08.24"]
[Round "3"]
[White "Schaudienst, Arvid"]
[Black "Burkart, Lloyd Shang"]
[Result "0-1"]
[Termination "normal"]
[Board "17"]
[WhiteElo "1368"]
[BlackElo "1569"]
[WhiteClock "00:19:04"]
[BlackClock "00:10:36"]
[PlyCount "68"]
[WhiteFideId "16266943"]
[BlackFideId "16239059"]
[EventCountry "GER"]
[EventRounds "9"]
[EventType "swiss"]
[EventDate "2021.08.22"]

1. e4 {[%clk 01:30:55]} {[%emt 00:00:03]} c5 {[%clk 01:30:56]} {[%emt
00:00:05]} 2. Nc3 {[%clk 01:31:19]} {[%emt 00:00:06]} e6 {[%clk 01:31:17]}
{[%emt 00:00:10]} 3. f4 {[%clk 01:31:43]} {[%emt 00:00:06]} d5 {[%clk
01:30:50]} {[%emt 00:00:57]} 4. Nf3 {[%clk 01:32:02]} {[%emt 00:00:10]} dxe4
{[%clk 01:31:09]} {[%emt 00:00:12]} 5. Nxe4 {[%clk 01:32:10]} {[%emt 00:00:22]}
Nc6 {[%clk 01:30:33]} {[%emt 00:01:06]} 6. Bb5 {[%clk 01:31:50]} {[%emt
00:00:50]} Bd7 {[%clk 01:26:45]} {[%emt 00:04:19]} 7. O-O {[%clk 01:27:43]}
{[%emt 00:04:36]} Be7 {[%clk 01:23:27]} {[%emt 00:03:47]} 8. d3 {[%clk
01:24:09]} {[%emt 00:04:05]} Nh6 {[%clk 01:21:06]} {[%emt 00:02:52]} 9. Be3
{[%clk 01:19:53]} {[%emt 00:04:46]} Ng4 {[%clk 01:16:50]} {[%emt 00:04:46]} 10.
Qd2 {[%clk 01:17:18]} {[%emt 00:03:05]} Nxe3 {[%clk 01:14:31]} {[%emt
00:02:49]} 11. Qxe3 {[%clk 01:16:39]} {[%emt 00:01:08]} b6 {[%clk 01:12:06]}
{[%emt 00:02:56]} 12. Bxc6 {[%clk 01:14:23]} {[%emt 00:02:45]} Bxc6 {[%clk
01:12:13]} {[%emt 00:00:23]} 13. Ne5 {[%clk 01:14:18]} {[%emt 00:00:34]} Bb7
{[%clk 01:05:51]} {[%emt 00:06:53]} 14. Nc4 {[%clk 01:08:54]} {[%emt 00:05:54]}
O-O {[%clk 01:00:51]} {[%emt 00:05:30]} 15. f5 {[%clk 01:05:20]} {[%emt
00:04:04]} Qd5 {[%clk 00:49:09]} {[%emt 00:12:12]} 16. f6 {[%clk 01:00:24]}
{[%emt 00:05:26]} gxf6 {[%clk 00:48:05]} {[%emt 00:01:33]} 17. Rxf6 {[%clk
00:58:57]} {[%emt 00:01:58]} Kh8 {[%clk 00:42:19]} {[%emt 00:06:16]} 18. Rh6
{[%clk 00:57:08]} {[%emt 00:02:19]} Rg8 {[%clk 00:33:05]} {[%emt 00:09:44]} 19.
Qh3 {[%clk 00:51:36]} {[%emt 00:06:01]} Qf5 {[%clk 00:27:58]} {[%emt 00:05:38]}
20. Rf1 {[%clk 00:46:24]} {[%emt 00:05:42]} Qxh3 {[%clk 00:28:07]} {[%emt
00:00:20]} 21. Rxh3 {[%clk 00:46:32]} {[%emt 00:00:22]} f5 {[%clk 00:26:58]}
{[%emt 00:01:40]} 22. Ng3 {[%clk 00:44:37]} {[%emt 00:02:25]} Rg7 {[%clk
00:18:39]} {[%emt 00:08:49]} 23. Ne5 {[%clk 00:41:06]} {[%emt 00:03:59]} Rag8
{[%clk 00:18:02]} {[%emt 00:01:07]} 24. Nc4 {[%clk 00:32:22]} {[%emt 00:09:15]}
Ba8 {[%clk 00:14:38]} {[%emt 00:03:55]} 25. Rf4 {[%clk 00:30:12]} {[%emt
00:02:39]} Bg5 {[%clk 00:13:41]} {[%emt 00:01:27]} 26. Rf2 {[%clk 00:27:02]}
{[%emt 00:03:39]} b5 {[%clk 00:12:39]} {[%emt 00:01:33]} 27. Nh5 {[%clk
00:22:36]} {[%emt 00:04:55]} bxc4 {[%clk 00:11:16]} {[%emt 00:01:54]} 28. Nxg7
{[%clk 00:22:45]} {[%emt 00:00:21]} Rxg7 {[%clk 00:10:54]} {[%emt 00:00:52]}
29. dxc4 {[%clk 00:21:05]} {[%emt 00:02:11]} Bf6 {[%clk 00:09:28]} {[%emt
00:01:56]} 30. b3 {[%clk 00:20:04]} {[%emt 00:01:31]} Bd4 {[%clk 00:09:51]}
{[%emt 00:00:07]} 31. Rg3 {[%clk 00:18:04]} {[%emt 00:02:29]} Rxg3 {[%clk
00:10:02]} {[%emt 00:00:19]} 32. hxg3 {[%clk 00:18:30]} {[%emt 00:00:05]} Be4
{[%clk 00:10:18]} {[%emt 00:00:14]} 33. c3 {[%clk 00:18:37]} {[%emt 00:00:23]}
Bxf2+ {[%clk 00:10:19]} {[%emt 00:00:29]} 34. Kxf2 {[%clk 00:19:04]} {[%emt
00:00:02]} Bb1 {[%clk 00:10:36]} {[%emt 00:00:14]} 0-1